Na lovu mamutů a divokých koní /

Hlavní autor: Neustupný, Jiří, 1905-1981
Další autoři: Pospíšil, Antonín, 1909-2008
Jazyk: Čeština
Vydáno: [V Praze : Ústřední učitelské nakladatelství, 1947]
Edice: Klas (Ústřední učitelské nakladatelství)
Fyzický popis: 45, [i] s. ; 8°
Knihy
Uloženo v:
LEADER 00855nam a22002292a 4500
001 000641506
003 CZ BrMZK
005 20230913091443.0
007 ta
008 021210s1947 xr f cze d
040 |a BOA001  |b cze  |c BOA001 
100 1 |a Neustupný, Jiří,  |d 1905-1981  |7 jk01090101  |4 aut 
245 1 0 |a Na lovu mamutů a divokých koní /  |c napsala Anna Neustupná ; ilustroval Antonín Pospíšil 
260 |a [V Praze :  |b Ústřední učitelské nakladatelství,  |c 1947] 
300 |a 45, [i] s. ;  |c 8° 
490 1 |a Klas 
500 |a Samost. příl. časopisu: Klas mladých 
700 1 |a Pospíšil, Antonín,  |d 1909-2008  |7 jk01100658  |4 ill 
830 0 |a Klas (Ústřední učitelské nakladatelství) 
910 |a BOA001  |b 1-0206.207 
990 |a BK 
996 7 |b 2619200424  |c 1-0206.207  |l MZK  |r Sklad / do 1 hodiny  |n 6  |w 000641506  |u 000010  |a 1  |e BOA001  |j MZK50  |s A